• 首页
  • 本馆介绍
  • 公告通知
  • 最新文献
  • 馆藏检索
  • 电子资源
  • 读者导购
  • 参考咨询
  • 我的图书馆
  • 登录
  • 详细信息显示
  • 放入我的书架
  • 预约/预借图书
  • 作者相关作品
  • 分类相关作品
  • 丛书相关作品
  • 出版社相关作品

书目信息

  • 表格格式
  • 工作单格式
  • 卡片格式
题名:
经济学说史教程
    
 
作者: 陈孟熙 主编
分册:  
出版信息: 北京   中国人民大学出版社  2017.09
页数: 365页
开本: 26cm
丛书名:
单 册:
中图分类: F09
科图分类:
主题词: 经济思想史--教材
电子资源:
ISBN: 978-7-300-24626-0
000 00896nam0 2200241 450
001 258
005 20180925103715.65
010    @a978-7-300-24626-0@dCNY45.00
100    @a20171222d2017 em y0chiy50 ea
101 0  @achi
102    @aCN@b110000
105    @ay z 000yy
200 1  @a经济学说史教程@9jing ji xue shuo shi jiao cheng@dTextbook of history of economic theory@f陈孟熙主编@zeng
205    @a4版
210    @a北京@c中国人民大学出版社@d2017.09
215    @a365页@d26cm
330    @a本书是在《经济学说史简编》的基础上加以修改与扩充而写成的,内容包括前资本主义的西方经济学说、西方古典经济学说、马克思主义经济学说(包括马克思、恩格斯及列宁的经济学说)及近代西方经济学说。
510 1  @aTextbook of history of economic theory@zeng
606 0  @a经济思想史@j教材
690    @aF09@v5
701  0 @a陈孟熙@9chen meng xi@4主编
801  0 @aCN@b91MARC@c20171222
905    @aMuseLib@dF09@e95=4
    
    经济学说史教程=Textbook of history of economic theory/陈孟熙主编.-4版.-北京:中国人民大学出版社,2017.09
    365页;26cm
    
    
    ISBN 978-7-300-24626-0:CNY45.00
    本书是在《经济学说史简编》的基础上加以修改与扩充而写成的,内容包括前资本主义的西方经济学说、西方古典经济学说、马克思主义经济学说(包括马克思、恩格斯及列宁的经济学说)及近代西方经济学说。
●
相关链接 在E读中查询图书 在五车中查询图书 在当当中查询图书 在豆瓣中查询图书


正题名:经济学说史教程     索取号:F09/95=4         预约/预借

序号 登录号 条形码 馆藏地/架位号 状态 备注
1 1119024   211190245   第一样本阅览室/ [索取号:F09/95=4] 在馆    
2 1119025   211190254   第一借阅区/ [索取号:F09/95=4] 在馆    
3 1119026   211190263   第一借阅区/ [索取号:F09/95=4] 在馆    
4 1119027   211190272   第一借阅区/ [索取号:F09/95=4] 在馆    
5 1119028   211190281   密集书库-数信学院/ [索取号:F09/95=4] 在馆    
唐山师范学院图书馆 欢迎您!
大连网信软件有限公司© 版权所有